000
00242nam a2200097Ia 4500
001
684560
005
20250826161500.0
008
250824s9999 xx 000 0 und d
245
0
_a
Hikaye Tahlilleri
_c
Mehmet Kaplan
260
_b
Dergah Yayınları
999
_c
684560
_d
684560